000 00536nam a2200193Ia 4500
003 GCL
008 140319s9999 xx 000 0 eng d
040 _aGCL /
_cGCL
082 0 4 _a025.6
_bG G
100 1 _aGUINCHAT,CLAIRE
245 1 0 _aGENERAL INTRODUCTION TO THE TECHNIQUES OF INFORMATION AND DOCUMENTATION WORK /
_cGUINCHAT,CLAIRE
700 1 _aMENOU,MICHEL
260 _a[S.N] :
_bUNESCO ،
_c1983
300 _a340 P
650 0 4 _aINFORMATION
650 0 4 _aDOCUMENTATION
650 0 4 _aINFORMATION SCIENCE
942 _2ddc
_cBK
999 _c16549
_d16549